00460nam a2200181 a 4500001001300000003000900013005001700022008004100039020001000080082001700090100002200107245002000129260004700149300000900196500003500205650001600240700002200256nice12345678IN_TiNIC20260116011317.0050524s1912 mada grp 000 0 eng  ac10000a297.122bGOL aGoldsack, William aQuran in Islam. aMadrasbChristian Literature Societyc1912 a49p. aincludes index and biblioraphy aApologetics1 aGoldsack, William